Statistics for Most Followed National Soccer Teams On Instagram

Click here to take the quiz!

General Stats

  • This quiz has been taken 39 times
    (12 since last reset)
  • The average score is 22 of 24

Answer Stats

FollowersCountry% Correct
1,1 milBelgium
100%
17,2 milBrazil
100%
3,7 milColombia
100%
10,2 milEngland
100%
14,8 milFrance
100%
6,5 milGermany
100%
6,1 milItaly
100%
1,0 milJapan
100%
7,8 milMexico
100%
2,1 milNetherlands
100%
1,2 milPoland
100%
3,2 milUnited States
100%
13,1 milArgentina
90%
1,1 milPeru
90%
15,4 milPortugal
90%
1,0 milSaudi Arabia
90%
5,2 milSpain
90%
1,7 milTurkey
90%
2,3 milChile
80%
2,6 milEgypt
80%
1,3 milUruguay
80%
3,3 milIndia
70%
4,4 milMorocco
70%
2,0 milAlgeria
50%

Score Distribution

Percentile by Number Answered

Percent of People with Each Score

Your Score History

You have not taken this quiz since the last reset